| 000 | 00813cam a22002653a 4500 | ||
|---|---|---|---|
| 001 | 15835 | ||
| 003 | PGUSA | ||
| 005 | 20140828083335.0 | ||
| 008 | 050516s2005||||xxu|||||s|||||000 | eng d | ||
| 040 |
_aPGUSA _beng |
||
| 042 | _adc | ||
| 050 | 4 | _aBF | |
| 100 | 1 |
_aLilly, William, _d1602-1681 |
|
| 245 | 1 | 0 |
_aWilliam Lilly's History of His Life and Times : _bFrom the Year 1602 to 1681 _h[electronic resource] / _cWilliam Lilly |
| 260 |
_bProject Gutenberg, _c2005 |
||
| 506 | _aPublic domain in the USA. | ||
| 516 | _aElectronic text | ||
| 653 | _aLilly, William, 1602-1681 | ||
| 653 | _aAstrology | ||
| 653 | _aAstrologers -- Great Britain -- Biography | ||
| 700 | 1 |
_aAshmole, Elias, _d1617-1692 |
|
| 830 | 0 |
_aProject Gutenberg _v15835 |
|
| 856 | 4 | 0 | _uhttp://www.gutenberg.org/ebooks/15835 |
| 942 | _cEB | ||
| 999 |
_c245090 _d245090 |
||